| 000 | 00890cam a2200229 4500 | ||
|---|---|---|---|
| 001 | WB3814-11 | ||
| 008 | 020418n2002 000 0 eng u | ||
| 035 | _a(Sirsi) u117573 | ||
| 245 | _aDome and Wembley Olympic bid | ||
| 260 | _c2002 | ||
| 490 |
_aBuilding _v267(8229) 12 April 2002, 11(1) |
||
| 520 | _aConsultants Arup have chosen the Millennium Dome and Wembley for a potential 2012 London Olympic bid. The firm did a cost analysis of potential locations for the London games which also included, Stratford, East London for the main stadium and Olympic village and Lea Valley for a velodrome to host the cycling competitions. | ||
| 590 | _aWB | ||
| 650 | _aWEMBLEY | ||
| 650 | _aMILLENNIUM DOME | ||
| 650 | _aOLYMPIC BIDS | ||
| 650 | _aLONDON 2012 OLYMPIC BID | ||
| 650 | _aSTRATFORD | ||
| 650 | _aLEA VALLEY | ||
| 690 | _aMANAGEMENT-FACILITIES MANAGEMENT | ||
| 942 | _n0 | ||
| 999 |
_c70015 _d70015 |
||